Central Library OPAC University of Rajshahi

The province of Damascus, 1723-1783 / (Record no. 27305)

MARC details
000 -LEADER
fixed length control field 00739nam a22002651a 4500
001 - CONTROL NUMBER
control field 27305
003 - CONTROL NUMBER IDENTIFIER
rucl marc code BD-RjUL
005 - DATE AND TIME OF LATEST TRANSACTION
control field 20211209051134.0
008 - FIXED-LENGTH DATA ELEMENTS--GENERAL INFORMATION
fixed length control field 140324s1966 le b 000 0 eng
035 ## - SYSTEM CONTROL NUMBER
System control number (BD-RjUL)27377
040 ## - CATALOGING SOURCE
Original cataloging agency LC
Language of cataloging eng
Transcribing agency LC
Modifying agency LC
-- BD-RjUL
041 ## - LANGUAGE CODE
Language code of text/sound track or separate title eng
082 04 - DEWEY DECIMAL CLASSIFICATION NUMBER
Classification number 956.91
Author mark and year RAP 1966
100 1# - MAIN ENTRY--PERSONAL NAME
Personal name Rafeq, Abdul- Karim.
9 (RLIN) 83818
245 14 - TITLE STATEMENT
Title The province of Damascus, 1723-1783 /
Statement of responsibility, etc. Abdul- Karim Rafeq.
250 ## - EDITION STATEMENT
Edition statement 1st ed.
260 ## - PUBLICATION, DISTRIBUTION, ETC. (IMPRINT)
Place of publication, distribution, etc. Beirut :
Name of publisher, distributor, etc. Khayats,
Date of publication, distribution, etc. 1966.
300 ## - PHYSICAL DESCRIPTION
Pagination xiii, 370 p. ;
Size 23 cm.
504 ## - BIBLIOGRAPHY, ETC. NOTE
Bibliography, etc Bibliography: p. 342-355. and index.
600 30 - SUBJECT ADDED ENTRY--PERSONAL NAME
Personal name Azm family.
651 #0 - SUBJECT ADDED ENTRY--GEOGRAPHIC NAME
Geographic name Damascus (Syria)
General subdivision History.
9 (RLIN) 82818
942 ## - ADDED ENTRY ELEMENTS (KOHA)
Source of classification or shelving scheme Dewey Decimal Classification
Koha item type Books
Holdings
Lost status Source of classification or shelving scheme Damaged status Not for loan Collection code Permanent Location Current Location Shelving location Date acquired Source of acquisition Cost, normal purchase price Total Checkouts Full call number Date last seen Copy number Koha item type
  Dewey Decimal Classification   Added to bundle Non-fiction Central Library, University of Rajshahi Central Library, University of Rajshahi Reading Room 27/10/1970 Sweets & Zeitlinger. 95.00   956.91 RAP 1966 24/03/2014 C-1 Books